000 00516nam a2200169 a 4500
001 2935
005 20140414131933.0
008 051130s19uu xx 00 eng d
020 _a0-590-25271-2
050 _aREF 423
_bSc6 1996
245 _aScholastic children's dictionary /
_cby the Editors of Scholastic Inc.
260 _aNew York :
_bScholastic Reference,
_c1996.
300 _a648 p. ; cm.
500 _aIncludes index.
650 _aEnglish language - Dictionaries.
_xJuvenile literature
999 _c112324
_d112324